| 000 | 00547nam a2200193 a 4500 | ||
|---|---|---|---|
| 005 | 20240912063848.0 | ||
| 008 | 140624s2000 ag r 000 0 spa d | ||
| 020 | _a9505344570 | ||
| 035 | _aUPN01000198254 | ||
| 049 | _aI | ||
| 050 | 4 |
_aPZ78 _bI7.4 2004 |
|
| 100 | 0 |
_aIstvansh, _d1968- _932497 |
|
| 245 | 1 | 0 |
_aHistoria para leer después de jugar todo el día / _cIstvansch. |
| 250 | _a2a ed. | ||
| 260 |
_aBuenos Aires : _bA-Z, _b2004. |
||
| 300 |
_a[28] p. : _bil. col. |
||
| 650 | 4 |
_aCuentos infantiles argentinos _97466 |
|
| 905 | _aInfantil | ||
| 999 |
_c170355 _d170355 |
||